000 00512nam a22001817a 4500
005 20260108121215.0
008 260106b |||||||| |||| 00| 0 eng d
020 _a987-81-8448-333-8
041 _aEnglish
082 _aMS 616.0754 DIL DB1457
100 _aDillon Patricia M.
_9216219
245 _aNursing Health Assessment: Clinical Pocket Guide
250 _a2nd ed.
260 _bJaypee Brothers Medical Publishers (P) Ltd
_aNew Delhi
_c2008
300 _a587p
365 _bRs. 500.00
942 _cDB
999 _c369700
_d369700